[Event "TUR-ch"]
[Site "Antalya"]
[Date "2013.02.09"]
[Round "11"]
[White "Tum, Hakan"]
[Black "Sengun, Mehmet Anil"]
[Result "1/2-1/2"]
[WhiteElo "1673"]
[BlackElo "1891"]
[PlyCount "174"]
[EventDate "2013.02.02"]
[EventType "swiss"]
[EventRounds "11"]
[EventCountry "TUR"]
[SourceTitle "CBM 152 Extra"]
[Source "ChessBase"]
[SourceDate "2013.02.25"]
[SourceVersion "1"]
[SourceVersionDate "2013.02.25"]
[SourceQuality "1"]

1. d4 Nf6 2. c4 e6 3. g3 d5 4. cxd5 exd5 5. Bg2 c6 6. Nc3 Be7 7. Nf3 0-0 8. 0-0 Re8 9. Bf4 Nbd7 10. Rc1 Nf8 11. Qc2 Ng6 12. Bd2 Bd6 13. Rfe1 Bd7 14. e4 dxe4 15. Nxe4 Nxe4 16. Rxe4 Rxe4 17. Qxe4 Be6 18. Ng5 Bxa2 19. Re1 h6 20. Nf3 Bd5 21. Qg4 a5 22. h4 Bb4 23. Bxb4 axb4 24. h5 Nf8 25. Nh4 Be6 26. Qd1 Qg5 27. Re5 Qf6 28. Re4 Rd8 29. Rf4 Qg5 30. Re4 Qb5 31. Bf1 Qd5 32. Bg2 Qa2 33. Qc1 Bd5 34. Rg4 Be6 35. Re4 Qc4 36. Qxc4 Bxc4 37. Re7 Rd7 38. Rxd7 Nxd7 39. Nf5 b3 40. Nd6 Ba6 41. Bf1 Nb6 42. Bxa6 bxa6 43. Nb7 Na4 44. Na5 Nxb2 45. Nb7 Na4 46. Na5 Nb2 47. Nxb3 Kf8 48. Kf1 Ke7 49. Ke2 Kd6 50. Nc5 Kd5 51. Nxa6 Kxd4 52. Kd2 Nd3 53. f3 Ne5 54. f4 Nc4+ 55. Ke2 Nd6 56. Nb4 c5 57. Nc2+ Kc3 58. Ne3 c4 59. g4 Kd4 60. g5 Ke4 61. f5 Nxf5 62. gxh6 Nxh6 63. Nxc4 Kf4 64. Nd6 Kg5 65. Kf3 Kxh5 66. Ne4 g5 67. Nf2 Kg6 68. Kg3 f5 69. Nd3 Nf7 70. Kf3 Kf6 71. Nf2 Ne5+ 72. Kg3 f4+ 73. Kg2 Kf5 74. Nd1 g4 75. Nf2 Nc4 76. Nh1 Nd6 77. Nf2 Ne4 78. Nd3 f3+ 79. Kf1 g3 80. Kg1 f2+ 81. Kg2 Kg4 82. Ne5+ Kf4 83. Nc4 Ng5 84. Nd2 Kg4 85. Nf1 Kf4 86. Nxg3 Ke3 87. Nh1 Ke4 1/2-1/2

[Event "TUR-ch"]
[Site "Antalya"]
[Date "2013.02.05"]
[Round "6"]
[White "Akpulat, Dogan"]
[Black "Tum, Hakan"]
[Result "1-0"]
[WhiteElo "1831"]
[BlackElo "1673"]
[PlyCount "59"]
[EventDate "2013.02.02"]
[EventType "swiss"]
[EventRounds "11"]
[EventCountry "TUR"]
[SourceTitle "CBM 152 Extra"]
[Source "ChessBase"]
[SourceDate "2013.02.25"]
[SourceVersion "1"]
[SourceVersionDate "2013.02.25"]
[SourceQuality "1"]

1. e4 c6 2. Nc3 d5 3. d3 d4 4. Nce2 c5 5. g3 Nc6 6. Bg2 e5 7. f4 Bd6 8. Nf3 Bg4 9. 0-0 Nf6 10. Bd2 Qc7 11. h3 Bd7 12. a3 h5 13. Qe1 0-0-0 14. b4 exf4 15. b5 Ne7 16. gxf4 Rde8 17. e5 Nf5 18. exd6 Nxd6 19. a4 Be6 20. Ne5 Rhg8 21. c3 dxc3 22. Nxc3 Nf5 23. b6 axb6 24. Nb5 Qd8 25. Na7+ Kc7 26. a5 Bd5 27. axb6+ Kb8 28. Be3 Bxg2 29. Nac6+ Bxc6 30. Ra8+ 1-0